Trade IPOs online (Record no. 626709)

MARC details
000 -LEADER
fixed length control field 00725nam a2200253Ia 4500
003 - CONTROL NUMBER IDENTIFIER
control field OSt
005 - DATE AND TIME OF LATEST TRANSACTION
control field 20220926013724.0
008 - FIXED-LENGTH DATA ELEMENTS--GENERAL INFORMATION
fixed length control field 220923b |||||||| |||| 00| 0 eng d
037 ## - SOURCE OF ACQUISITION
Terms of availability General Book
040 ## - CATALOGING SOURCE
Original cataloging agency RTL
Transcribing agency RTL
Language of cataloging eng
041 ## - LANGUAGE CODE
Source of code eng
Language code of text/sound track or separate title eng
100 ## - MAIN ENTRY--PERSONAL NAME
Personal name Zito Mathew D
9 (RLIN) 318924
245 #0 - TITLE STATEMENT
Title Trade IPOs online
260 ## - PUBLICATION, DISTRIBUTION, ETC.
Place of publication, distribution, etc. New York
Name of publisher, distributor, etc. John Wiley & Sons
Date of publication, distribution, etc. 2000
300 ## - PHYSICAL DESCRIPTION
Extent xviii, 206p
Dimensions cm.
490 ## - SERIES STATEMENT
Series statement Wiley Online Trading for Living
500 ## - GENERAL NOTE
General note Appendix: P 182-86; Glossary: P 195-99
700 ## - ADDED ENTRY--PERSONAL NAME
Personal name Olejarczyk Matt
9 (RLIN) 318925
942 ## - ADDED ENTRY ELEMENTS (KOHA)
Classification part X65, P0
Koha item type General Books
Source of classification or shelving scheme Colon Classification (CC)
Holdings
Withdrawn status Lost status Damaged status Not for loan Home library Current library Date acquired Total Checkouts Full call number Barcode Date last seen Price effective from Koha item type
        Ratan Tata Library Ratan Tata Library 2022-09-26   X65 P0 RT1159181 2022-09-26 2022-09-26 General Books
Copyright @ Delhi University Library System